00829cam a22002174a 4500020004300000020004000043020003800083020003500121040000800156082002600164245009200190260005600282300003900338500003700377650002200414650002300436650003800459700002300497700003300520856005800553 a9781933115689 (hardcover : alk. paper) a1933115688 (hardcover : alk. paper) a9781933115672 (pbk. : alk. paper) a193311567X (pbk. : alk. paper) cDLC00a333 RES 2008 C161 Or.00aForest community connections :bimplications for research, management, and governance / aWashington, DC :bResources for the Future,cc2008. axi, 280 p. :bill., maps ;c25 cm. a"An RFF Press book"--T.p. verso. 0aForest management 0aCommunity forestry 0aForests and forestry, Cooperative1 aDonoghue, Ellen M.1 aSturtevant, Victoria Elmore,41uhttp://www.loc.gov/catdir/toc/ecip087/2007050918.html